000 00303nam a2200121Ia 4500
008 220216s9999 xx 000 0 und d
100 _aNair V.K.B.
245 0 _aImproved planting materials in rubber
260 _bRubber Reporter
_c1978
300 _a85-86
650 _aPlanting material
942 _cBS
999 _c49090
_d49090